| 000 | 00568nam a22001937a 4500 | ||
|---|---|---|---|
| 999 |
_c182666 _d182666 |
||
| 005 | 20211201123320.0 | ||
| 010 | _aENG-130151 | ||
| 020 |
_a978-93-88322-81-2 _c199.00 |
||
| 035 | _aEN-113683 | ||
| 037 | _bDBAD/PUB | ||
| 082 | _aS | ||
| 100 | _aArunachalam, Anupam. | ||
| 245 |
_aYOUNG PANDAVAS THE SCHOOL FOR WARRIORS _cAnupam Arunachalam |
||
| 250 | _a2020 | ||
| 260 |
_aGurugram _bHachette Book Publishing India Pvt. Ltd _c2020 |
||
| 270 |
_a4th & 5th Floors, Corporate Centre _bGurugram _e122003 |
||
| 300 |
_a123p. _c20cm (hbk) |
||
| 942 |
_2ddc _cEN _hS _mVEN |
||